Spomalenie slovenskej ekonomiky v roku 2013 zníži daňové príjmy

Daňové a odvodové príjmy v roku 2013 v porovnaní so schváleným rozpočtom. Zhoršenie makroekonomického vývoja a celkový vplyv zmien v roku 2013. Prognózy a makroekonomické faktory odhadu príjmov, vplyv zhoršenia situácie na trhu práce.

Gespeichert in:
Bibliographische Detailangaben
1. Verfasser: Neupauerová, Zuzana
Format: Buchkapitel
Sprache:Slowakisch
Schlagworte:
Tags: Tag hinzufügen
Keine Tags, Fügen Sie das erste Tag hinzu!

MARC

LEADER 00000naa a2200000 4500
001 0173397
005 20240502072944.2
041 0 |a slo 
044 |a SK 
245 1 0 |a Spomalenie slovenskej ekonomiky v roku 2013 zníži daňové príjmy  |c Zuzana Neupauerová 
520 |a Daňové a odvodové príjmy v roku 2013 v porovnaní so schváleným rozpočtom. Zhoršenie makroekonomického vývoja a celkový vplyv zmien v roku 2013. Prognózy a makroekonomické faktory odhadu príjmov, vplyv zhoršenia situácie na trhu práce. 
610 2 0 |a Slovensko 
610 2 0 |a dane 
610 2 0 |a dane spotrebné 
610 2 0 |a dane z hodnoty pridanej 
610 2 0 |a dane z príjmov 
610 2 0 |a odvody 
610 2 0 |a príjmy rozpočtu štátneho 
610 2 0 |a prognózy 
100 1 |a Neupauerová, Zuzana